Felisberto Hernández (Registro nro. 437041)

Detalles MARC
000 -LÍDER
Campo fijo de descripción fija 00733nam a22002417a 4500
003 - IDENTIFICADOR DEL NÚMERO DE CONTROL
Campo de control BCEG
005 - FECHA Y HORA DE LA ULTIMA TRANSACCIÓN
control field 20260121163836.0
008 - ELEMENTOS DE LONGITUD FIJA -- INFORMACIÓN GENERAL
Campo fijo de descripción fija -- Información general 260121s1985 mx|||||| |||| 00| 0 spa d
020 ## - ISBN
Isbn 9688500224
040 ## - FUENTE DE CATALOGACIÓN
Agencia de catalogación original BCEG
Idioma de catalogación spa
Agencia que realiza la transcripción BCEG
082 04 - NÚMERO DE CLASIFICACIÓN DECIMAL DEWEY
Número de clasificación U864.4
Clave de autor-Numero de item A636f
100 1# - ASIENTO PRINCIPAL--NOMBRE PERSONAL
Nombre del autor personal Antúnez, Rocío,
Fechas asociadas con el nombre 1946-.
245 10 - TÍTULO PROPIAMENTE DICHO
Título Felisberto Hernández
Otra información sobre el título - Subtitulo : el discurso inundado.
260 ## - PUBLICACIÓN, DISTRIBUCIÓN, ETC. (PIE DE IMPRENTA)
Lugar de publicación, distribución, etc. México :
Nombre del editor, distribuidor, etc. Instituto Nacional de Bellas Artes :
-- Katún,
Fecha de publicación, distribución, etc. 1985.
300 ## - DESCRIPCIÓN FÍSICA
Extensión 152 p.
490 ## - MENCIÓN DE SERIE
Mención de serie Premio Bellas Artes de Literatura ;
Designación numérica/secuencial del volumen 3.
504 ## - NOTA DE BIBLIOGRAFÍA, ETC.
Nota de bibliografía, etc Incluye bibliografía.
541 ## - NOTA DE FUENTE INMEDIATA DE ADQUISICIÓN
Nota de fuente de adquisición Donación.
600 14 - ENCABEZAMIENTO DE MATERIA. AUTOR PERSONAL
Nombre personal Hernández, Felisberto,
Fechas asociadas con el nombre 1902-1964,
Subdivisión de forma Vida y obra.
650 14 - ASIENTO SECUNDARIO DE MATERIA - TERMINO TEMÁTICO
Término temático o nombre geográfico como elemento de entrada Escritores uruguayos.
650 14 - ASIENTO SECUNDARIO DE MATERIA - TERMINO TEMÁTICO
Término temático o nombre geográfico como elemento de entrada Ensayos uruguayos.
942 ## - TIPO DE MATERIAL (KOHA)
Tipo de Item KOHA Libro
Existencias
No para Préstamo Colección Biblioteca de Origen Biblioteca Permanente Fecha de Adquisición Fuente de Adquisicion Total de Préstamos Signatura Topográfica Código de Barras Última vez visto Tipo de Material
Material en Reserva General Biblioteca Central Estatal de Guanajuato, "Wigberto Jiménez Moreno" Biblioteca Central Estatal de Guanajuato, "Wigberto Jiménez Moreno" 21/01/2026 DONAD   U864.4 A636f BCEG8655230807 21/01/2026 Libro